[Event "XXXV. ODPRTO PRVENSTVO KOMENDE 2021"]
[Site "Komenda"]
[Date "2021.09.03"]
[Round "1.1"]
[White "Keber, Aljosa"]
[Black "Perme, Martin"]
[Result "1/2-1/2"]
[WhiteElo "1149"]
[BlackElo "1455"]
[PlyCount "98"]
[EventDate "2021.09.03"]

1. e4 c5 2. Nf3 d6 3. d4 cxd4 4. Nxd4 Nf6 5. Nc3 g6 6. Be3 Bg7 7. f3 O-O 8. Qd2
Nc6 9. O-O-O Nxd4 10. Bxd4 Be6 11. g4 a6 12. h4 b5 13. a3 Rb8 14. h5 b4 15. Nb1
bxa3 16. Nxa3 Qc7 17. Bxa6 Ra8 18. Bb5 Qb7 19. h6 Bh8 20. g5 Qxb5 21. gxf6 Rfb8
22. c4 Qb3 23. Qc3 Qxc3+ 24. Bxc3 Rc8 25. Kc2 Bxc4 26. Nxc4 Rxc4 27. fxe7 Bxc3
28. bxc3 Rc7 29. Rxd6 Rxe7 30. Rhd1 Ree8 31. Kd3 Ra2 32. Ke3 Rh2 33. c4 Rxh6
34. Rd8 Kf8 35. c5 g5 36. Rxe8+ Kxe8 37. Rd6 Rxd6 38. cxd6 Kd7 39. e5 f5 40.
exf6 Kxd6 41. f7 Ke7 42. Ke4 Kxf7 43. Kf5 h6 44. f4 gxf4 45. Kxf4 Kf6 46. Kg4
Kg6 47. Kh4 h5 48. Kh3 Kg5 49. Kg3 h4+ 1/2-1/2

[Event "XXXV. ODPRTO PRVENSTVO KOMENDE 2021"]
[Site "Komenda"]
[Date "2021.09.03"]
[Round "1.2"]
[White "Smirnov, Maksim"]
[Black "Avgustin, Simona"]
[Result "1-0"]
[WhiteElo "1257"]
[BlackElo "1032"]
[PlyCount "71"]
[EventDate "2021.09.03"]

1. d4 d5 2. Bf4 Nc6 3. Nf3 Nf6 4. e3 e6 5. c3 Bd6 6. Bd3 O-O 7. Qc2 g6 8. Nbd2
Re8 9. Ne5 Bxe5 10. dxe5 Nh5 11. Nf3 Ng7 12. h3 f6 13. exf6 Qxf6 14. Bg5 Qf7
15. Bb5 Bd7 16. O-O a6 17. Bf4 axb5 18. Bxc7 e5 19. Bd6 Bxh3 20. Ng5 Qf6 21.
Nxh3 Qxd6 22. Qb3 b4 23. cxb4 Nxb4 24. Ng5 Kh8 25. Nf7+ Kg8 26. Nxd6 Re7 27.
Qxb4 Rb8 28. Nc4 Rd7 29. Nxe5 Rc7 30. Qd6 Rbc8 31. Qxd5+ Kh8 32. Rac1 Rxc1 33.
Nf7+ Kg8 34. Nh6+ Kh8 35. Qg8+ Rxg8 36. Nf7# 1-0

[Event "XXXV. ODPRTO PRVENSTVO KOMENDE 2021"]
[Site "Komenda"]
[Date "2021.09.03"]
[Round "1.3"]
[White "Strnad, Kaja"]
[Black "Beber, Anja"]
[Result "0-1"]
[WhiteElo "1463"]
[BlackElo "1237"]
[PlyCount "94"]
[EventDate "2021.09.03"]

1. e4 c5 2. Nf3 Nc6 3. d4 cxd4 4. Nxd4 e5 5. Nf3 Nf6 6. Nc3 Bb4 7. Bd2 d6 8. a3
Bxc3 9. Bxc3 Nxe4 10. Bb4 Nxb4 11. axb4 Qb6 12. Qe2 Qxb4+ 13. Nd2 Nxd2 14. Qxd2
Qxd2+ 15. Kxd2 Bf5 16. Bb5+ Ke7 17. Rhe1 a6 18. Bd3 Bxd3 19. Kxd3 f6 20. f4
Rhd8 21. Rad1 Rac8 22. g4 Kf7 23. fxe5 dxe5+ 24. Ke3 Rxd1 25. Rxd1 Rxc2 26.
Rd7+ Kg6 27. Rxb7 Rxh2 28. Kf3 Kh6 29. b4 Rb2 30. Rb6 Kg5 31. Rb7 g6 32. Kg3
Rb3+ 33. Kf2 Kxg4 34. Rb6 f5 35. Ke2 e4 36. Kd2 e3+ 37. Kc2 e2 38. Kxb3 e1=Q
39. Rxa6 Qe3+ 40. Ka4 f4 41. b5 Qd4+ 42. Ka5 f3 43. b6 f2 44. b7 f1=Q 45. b8=Q
Qfa1+ 46. Kb5 Qb1+ 47. Ka5 Qda1# 0-1

[Event "XXXV. ODPRTO PRVENSTVO KOMENDE 2021"]
[Site "Komenda"]
[Date "2021.09.03"]
[Round "1.4"]
[White "Sever, Gasper"]
[Black "Avgustin, Jernej"]
[Result "1-0"]
[WhiteElo "1196"]
[BlackElo "1247"]
[PlyCount "51"]
[EventDate "2021.09.03"]

1. e4 e5 2. Nf3 Nc6 3. Bb5 Nf6 4. O-O d6 5. Nc3 a6 6. Bxc6+ bxc6 7. h3 Bb7 8.
d4 exd4 9. Nxd4 d5 10. Bg5 dxe4 11. Nxe4 Be7 12. Re1 O-O 13. Nf5 Re8 14. Nxe7+
Rxe7 15. Qxd8+ Rxd8 16. Nxf6+ gxf6 17. Rxe7 fxg5 18. Rxc7 Rb8 19. Re1 c5 20.
Rxc5 Ba8 21. Rxg5+ Kf8 22. b3 Rd8 23. Rge5 Bc6 24. R1e2 Rd1+ 25. Kh2 Rg1 26.
Kxg1 1-0

[Event "XXXV. ODPRTO PRVENSTVO KOMENDE 2021"]
[Site "Komenda"]
[Date "2021.09.03"]
[Round "1.5"]
[White "Kovacic, Jakob"]
[Black "Macek, Inti"]
[Result "1/2-1/2"]
[WhiteElo "1000"]
[BlackElo "1159"]
[PlyCount "81"]
[EventDate "2021.09.03"]

1. e4 e5 2. Nf3 Nc6 3. Bc4 Nf6 4. Nc3 Nxe4 5. Nxe4 d5 6. Bd3 dxe4 7. Bxe4 Bd6
8. Bxc6+ bxc6 9. d4 exd4 10. Qxd4 O-O 11. O-O Be6 12. Qh4 Qxh4 13. Nxh4 Rfe8
14. Re1 Bxa2 15. Be3 Bd5 16. Nf5 Bf8 17. b3 g6 18. Nh6+ Bxh6 19. Bxh6 Rxe1+ 20.
Rxe1 Be6 21. Bf4 Re8 22. Bxc7 Bd7 23. Rxe8+ Bxe8 24. f4 f5 25. Kf2 Kf7 26. Kf3
Ke6 27. c4 Kd7 28. Be5 Kc8 29. Ke3 Kb7 30. Kd4 Kb6 31. Bd6 Kb7 32. Ke5 Kc8 33.
Kf6 Kd7 34. Bc5 a6 35. Kg7 h5 36. Kf6 Kc7 37. Ke5 Kd7 38. Kd4 Ke6 39. Bb4 Kd7
40. Ke5 Kc7 41. Ba5+ 1/2-1/2

[Event "XXXV. ODPRTO PRVENSTVO KOMENDE 2021"]
[Site "Komenda"]
[Date "2021.09.04"]
[Round "2.1"]
[White "Beber, Anja"]
[Black "Smirnov, Maksim"]
[Result "1/2-1/2"]
[WhiteElo "1237"]
[BlackElo "1257"]
[PlyCount "89"]
[EventDate "2021.09.04"]

1. e4 c6 2. d4 d5 3. exd5 cxd5 4. Bd3 Nc6 5. c3 Nf6 6. Bf4 Bg4 7. Qb3 Qb6 8.
Nd2 e6 9. Ngf3 Be7 10. O-O O-O 11. Rfe1 Rac8 12. Ne5 Bh5 13. Bg5 Nxe5 14. dxe5
Ng4 15. Qxb6 axb6 16. Bxe7 Rfe8 17. Bh4 Rc5 18. f3 Nh6 19. Bf2 Rcc8 20. Bxb6
Bg6 21. Bxg6 hxg6 22. g4 Rc6 23. Be3 Rd8 24. Nb3 Rd7 25. Rad1 Rc4 26. Rd4 Rc6
27. Rb4 Kh7 28. Nc5 Rdc7 29. Nxb7 g5 30. Bxg5 d4 31. Nd8 Ra6 32. Rxd4 Rxa2 33.
Rd2 Ra4 34. h3 Ng8 35. Red1 Ne7 36. Bxe7 Rxe7 37. Rd7 Rxd7 38. Rxd7 Ra1+ 39.
Kg2 Re1 40. Nxf7 Re2+ 41. Kg3 Rxb2 42. Ng5+ Kh6 43. Nxe6 g5 44. Nf8 Rg2+ 45.
Kxg2 1/2-1/2

[Event "XXXV. ODPRTO PRVENSTVO KOMENDE 2021"]
[Site "Komenda"]
[Date "2021.09.04"]
[Round "2.2"]
[White "Perme, Martin"]
[Black "Sever, Gasper"]
[Result "1-0"]
[WhiteElo "1455"]
[BlackElo "1196"]
[PlyCount "71"]
[EventDate "2021.09.04"]

1. e4 e5 2. f4 d6 3. Nf3 Bg4 4. Be2 Nc6 5. Nc3 Nf6 6. O-O Be7 7. d3 O-O 8. h3
Bxf3 9. Bxf3 Re8 10. f5 Nd4 11. g4 Nd7 12. Nd5 c6 13. Nxe7+ Qxe7 14. c3 Nb5 15.
g5 f6 16. Bh5 Red8 17. g6 h6 18. Kh2 Nb6 19. a4 Nc7 20. a5 Nd7 21. Rg1 d5 22.
Bxh6 gxh6 23. g7 Ne8 24. Bxe8 Qxe8 25. Rg6 dxe4 26. Qh5 Qe7 27. Qxh6 Kf7 28.
g8=Q+ Rxg8 29. Qh7+ Ke8 30. Rxg8+ Nf8 31. Qxe7+ Kxe7 32. Rg7+ Ke8 33. dxe4 Rb8
34. Rd1 b6 35. a6 Ra8 36. h4 1-0

[Event "XXXV. ODPRTO PRVENSTVO KOMENDE 2021"]
[Site "Komenda"]
[Date "2021.09.04"]
[Round "2.3"]
[White "Macek, Inti"]
[Black "Keber, Aljosa"]
[Result "*"]
[WhiteElo "1159"]
[BlackElo "1149"]
[PlyCount "54"]
[EventDate "2021.09.04"]

1. d4 Nf6 2. Nf3 d5 3. c4 c6 4. Nc3 e6 5. Bf4 Bd6 6. Bg5 Nbd7 7. e3 O-O 8. cxd5
exd5 9. Be2 Re8 10. O-O Qc7 11. Rc1 Qb8 12. a3 Ne4 13. Kh1 a5 14. Nxe4 dxe4 15.
Nd2 f5 16. Qb3+ Kh8 17. Qf7 Rf8 18. Qh5 Nf6 19. Bxf6 Rxf6 20. f3 Be6 21. Qh4
Rh6 22. Qe1 Rxh2+ 23. Kg1 Bg3 24. Qd1 Qd8 25. fxe4 Rh1+ 26. Kxh1 Qh4+ 27. Kg1
Qh2# *

[Event "XXXV. ODPRTO PRVENSTVO KOMENDE 2021"]
[Site "Komenda"]
[Date "2021.09.04"]
[Round "2.4"]
[White "Avgustin, Simona"]
[Black "Kovacic, Jakob"]
[Result "1-0"]
[WhiteElo "1032"]
[BlackElo "1000"]
[PlyCount "65"]
[EventDate "2021.09.04"]

1. e4 e5 2. Bc4 Nc6 3. Nf3 Bc5 4. O-O Nf6 5. d3 O-O 6. Nc3 d6 7. Bg5 Be6 8. Bd5
h6 9. Bh4 g5 10. Bg3 Bxd5 11. Nxd5 Nxd5 12. exd5 Ne7 13. c4 c6 14. dxc6 Nxc6
15. a3 Nd4 16. h3 Nf5 17. b4 Nxg3 18. Re1 Bb6 19. Rc1 Nf5 20. Kh2 Bxf2 21. Rf1
Ne3 22. Qe2 Nxf1+ 23. Rxf1 Bb6 24. g4 a5 25. b5 a4 26. Nd2 Qd7 27. Ne4 Bc5 28.
Nf6+ Kg7 29. Nxd7 Rfd8 30. Nxc5 dxc5 31. Qxe5+ Kg6 32. Rf6+ Kh7 33. Rxf7+ 1-0

[Event "XXXV. ODPRTO PRVENSTVO KOMENDE 2021"]
[Site "Komenda"]
[Date "2021.09.04"]
[Round "2.5"]
[White "Avgustin, Jernej"]
[Black "Strnad, Kaja"]
[Result "1-0"]
[WhiteElo "1247"]
[BlackElo "1463"]
[PlyCount "109"]
[EventDate "2021.09.04"]

1. e4 e5 2. Nc3 Nf6 3. Nf3 Nc6 4. Bc4 Bc5 5. O-O d6 6. h3 Na5 7. Be2 Be6 8. a3
Nc6 9. b3 Nh5 10. Ng5 Qxg5 11. d4 Qg6 12. Bxh5 Qf6 13. dxc5 dxc5 14. Nd5 Bxd5
15. exd5 Rd8 16. Bb2 Qf5 17. Qf3 Qxf3 18. Bxf3 Ne7 19. c4 b5 20. Bxe5 Rd7 21.
Bxg7 Rg8 22. Bh6 Nf5 23. Rfe1+ Kd8 24. Bg4 Nxh6 25. Bxd7 Kxd7 26. Re5 bxc4 27.
bxc4 Kd6 28. Rae1 c6 29. dxc6 Kxc6 30. Rh5 Rg6 31. Re8 Kd7 32. Rh8 Re6 33. Rxh7
Re1+ 34. Kh2 Ng8 35. Rxf7+ Ke6 36. Rxa7 Nf6 37. Rxc5 Ne4 38. Rc6+ Kf5 39. Re7
Kf4 40. Rce6 Re2 41. f3 Ng3 42. Rxe2 Nxe2 43. Rxe2 Kf5 44. c5 Kf6 45. c6 Kf5
46. c7 Kf6 47. a4 Kf7 48. a5 Kf6 49. a6 Kf7 50. a7 Kf6 51. a8=Q Kf7 52. c8=Q
Kf6 53. Qac6+ Kf7 54. Q8d7+ Kf8 55. Re8# 1-0

[Event "XXXV. ODPRTO PRVENSTVO KOMENDE 2021"]
[Site "Komenda"]
[Date "2021.09.04"]
[Round "3.1"]
[White "Smirnov, Maksim"]
[Black "Perme, Martin"]
[Result "0-1"]
[WhiteElo "1257"]
[BlackElo "1455"]
[PlyCount "45"]
[EventDate "2021.09.04"]

1. d4 Nf6 2. Bf4 c5 3. c3 d5 4. Nf3 Nc6 5. e3 Bf5 6. Nbd2 e6 7. Be2 Bd6 8. Bxd6
Qxd6 9. Nh4 Bg6 10. Nxg6 hxg6 11. h3 c4 12. Qc2 b5 13. e4 Qe7 14. e5 Nd7 15. b4
Nb6 16. Qc1 Qg5 17. Bf3 Na4 18. Qc2 Rc8 19. g3 Qf5 20. Qxf5 gxf5 21. Ke2 Nxc3+
22. Ke1 Nxd4 23. Bg2 0-1

[Event "XXXV. ODPRTO PRVENSTVO KOMENDE 2021"]
[Site "Komenda"]
[Date "2021.09.04"]
[Round "3.2"]
[White "Keber, Aljosa"]
[Black "Beber, Anja"]
[Result "0-1"]
[WhiteElo "1149"]
[BlackElo "1237"]
[PlyCount "84"]
[EventDate "2021.09.04"]

1. e4 e5 2. Nf3 Nc6 3. Bb5 Nge7 4. O-O g6 5. Re1 Bg7 6. c3 O-O 7. d3 d6 8. Nbd2
a6 9. Ba4 Be6 10. Nf1 d5 11. Bc2 Qd7 12. Ng5 dxe4 13. Nxe6 Qxe6 14. dxe4 Rad8
15. Qf3 Na5 16. b3 Qc6 17. c4 Qe6 18. Bb2 Nac6 19. Rad1 f5 20. Ne3 Nd4 21. Bxd4
exd4 22. exf5 Qb6 23. Nd5 Nxd5 24. cxd5 Qc5 25. Be4 gxf5 26. Bxf5 Rd6 27. Qe4
Rh6 28. Rd3 Qd6 29. Rg3 Kh8 30. Qg4 Be5 31. f4 Bf6 32. Re6 Qc5 33. h3 Rh4 34.
Qd1 Qxd5 35. Bg4 h5 36. Qf3 Qc5 37. Bxh5 Qxh5 38. Qxb7 Rxf4 39. Qxc7 Qd1+ 40.
Kh2 Rf1 41. Rg6 Rh1+ 42. Kg3 Qd3+ 0-1

[Event "XXXV. ODPRTO PRVENSTVO KOMENDE 2021"]
[Site "Komenda"]
[Date "2021.09.04"]
[Round "3.3"]
[White "Sever, Gasper"]
[Black "Avgustin, Simona"]
[Result "0-1"]
[WhiteElo "1196"]
[BlackElo "1032"]
[PlyCount "58"]
[EventDate "2021.09.04"]

1. e4 e5 2. Nf3 Nc6 3. Bb5 Bc5 4. Nxe5 Nxe5 5. d4 Bxd4 6. Qxd4 Nc6 7. Qxg7 Qf6
8. Qxf6 Nxf6 9. Nc3 O-O 10. O-O Kh8 11. Bf4 d6 12. Bxc6 bxc6 13. e5 Nh5 14. Bh6
Rg8 15. exd6 cxd6 16. Kh1 Rg6 17. Be3 Bb7 18. f3 a6 19. Rfe1 Rag8 20. Bd4+ f6
21. Ne4 c5 22. Nxd6 cxd4 23. Nxb7 Rxg2 24. Rg1 Rxc2 25. Rxg8+ Kxg8 26. Rd1 Nf4
27. h4 d3 28. Nd6 Nh3 29. Ne4 f5 0-1

[Event "XXXV. ODPRTO PRVENSTVO KOMENDE 2021"]
[Site "Komenda"]
[Date "2021.09.04"]
[Round "3.4"]
[White "Macek, Inti"]
[Black "Avgustin, Jernej"]
[Result "1-0"]
[WhiteElo "1159"]
[BlackElo "1247"]
[PlyCount "48"]
[EventDate "2021.09.04"]

1. d4 d5 2. Nf3 Nc6 3. c4 dxc4 4. Nc3 Nf6 5. e4 e6 6. Bxc4 Bb4 7. O-O O-O 8. a3
Ba5 9. Bg5 h6 10. Bh4 a6 11. e5 b5 12. Be2 g5 13. Nxg5 Nd7 14. Nxe6 Qxh4 15.
Nxf8 Nxf8 16. Bf3 Bb7 17. Ne4 Rb8 18. Rc1 Na7 19. Nf6+ Kh8 20. Bxb7 Rxb7 21.
Qf3 Rb8 22. Nd5 Qxd4 23. Qf6+ Kg8 24. Ne7+ Kh7 1-0

[Event "XXXV. ODPRTO PRVENSTVO KOMENDE 2021"]
[Site "Komenda"]
[Date "2021.09.04"]
[Round "3.5"]
[White "Kovacic, Jakob"]
[Black "Strnad, Kaja"]
[Result "1-0"]
[WhiteElo "1000"]
[BlackElo "1463"]
[PlyCount "117"]
[EventDate "2021.09.04"]

1. e4 e5 2. Nf3 Nc6 3. Bb5 Bc5 4. Bxc6 dxc6 5. Nc3 Nf6 6. d3 Bg4 7. h3 Bh5 8.
g4 Nxg4 9. hxg4 Bxg4 10. Rg1 Bh5 11. Rg5 Qxg5 12. Bxg5 h6 13. Bh4 g5 14. Bg3
Rf8 15. Kf1 f5 16. Kg2 fxe4 17. Nxe4 Bxf3+ 18. Qxf3 Rxf3 19. Kxf3 Bd6 20. Rh1
O-O-O 21. Rxh6 Rf8+ 22. Kg4 Be7 23. f3 Kd8 24. Bxe5 Kc8 25. f4 gxf4 26. Bxf4
Rg8+ 27. Bg5 Bxg5 28. Nxg5 Kd7 29. Rh7+ Kd6 30. Kf5 Rf8+ 31. Rf7 Rxf7+ 32.
Nxf7+ Kd5 33. Nd8 b6 34. Ne6 Kd6 35. Nd4 Kd5 36. c3 Kc5 37. Ke4 a5 38. Ke5 b5
39. a3 b4 40. Ne6+ Kb5 41. Nxc7+ Ka4 42. cxb4 axb4 43. axb4 Kxb4 44. d4 Kc4 45.
Ne6 Kb4 46. Kd6 Kc4 47. Kxc6 Kb3 48. d5 Kxb2 49. d6 Kb3 50. d7 Kb2 51. d8=Q Kb3
52. Qd4 Kc2 53. Qe3 Kb2 54. Qd3 Kc1 55. Qe2 Kb1 56. Kc5 Kc1 57. Kc4 Kb1 58. Kb3
Kc1 59. Qc2# 1-0

[Event "XXXV. ODPRTO PRVENSTVO KOMENDE 2021"]
[Site "Komenda"]
[Date "2021.09.05"]
[Round "4.1"]
[White "Perme, Martin"]
[Black "Beber, Anja"]
[Result "1/2-1/2"]
[WhiteElo "1455"]
[BlackElo "1237"]
[PlyCount "54"]
[EventDate "2021.09.05"]

1. e4 c5 2. Nf3 Nc6 3. d4 cxd4 4. Nxd4 e5 5. Nb5 a6 6. Nd6+ Bxd6 7. Qxd6 Qf6 8.
Qxf6 Nxf6 9. f3 d5 10. exd5 Nxd5 11. c3 Be6 12. Be2 Rc8 13. O-O O-O 14. Na3
Rfd8 15. Nc4 b5 16. Ne3 Nf4 17. Re1 f6 18. Nc2 Nxe2+ 19. Rxe2 Rd1+ 20. Kf2 Rcd8
21. Ne3 R1d7 22. Nc2 Rd1 23. Ne3 R1d7 24. Nc2 Kf7 25. Ne3 Rd3 26. Ke1 b4 27.
Bd2 Ke7 1/2-1/2

[Event "XXXV. ODPRTO PRVENSTVO KOMENDE 2021"]
[Site "Komenda"]
[Date "2021.09.05"]
[Round "4.2"]
[White "Avgustin, Simona"]
[Black "Keber, Aljosa"]
[Result "0-1"]
[WhiteElo "1032"]
[BlackElo "1149"]
[PlyCount "88"]
[EventDate "2021.09.05"]

1. e4 c6 2. d4 d5 3. e5 Bf5 4. Bd3 Bxd3 5. Qxd3 e6 6. Nf3 Qa5+ 7. Nc3 Qa6 8.
Qe3 Nd7 9. Qf4 h6 10. Qe3 c5 11. dxc5 Bxc5 12. Qd3 Qxd3 13. cxd3 a6 14. Be3
Bxe3 15. fxe3 Ne7 16. d4 Nb6 17. O-O Rb8 18. e4 O-O 19. h4 Rfd8 20. Rad1 Nc4
21. Rf2 b5 22. b3 Na5 23. b4 Nc4 24. Rd3 Rbc8 25. g4 Ng6 26. Nh2 Nxh4 27. Nf1
dxe4 28. Nxe4 Nxe5 29. Rh3 Rxd4 30. Nf6+ gxf6 31. Rxh4 Rxg4+ 32. Rxg4+ Nxg4 33.
Rg2 f5 34. Ne3 Rc1+ 35. Nf1 Kf8 36. Re2 Ke7 37. Kg2 Rb1 38. Nh2 Nxh2 39. Kxh2
Rxb4 40. Re3 Rb2+ 41. Kg3 Rxa2 42. Rd3 b4 43. Kf3 Ra3 44. Rxa3 bxa3 0-1

[Event "XXXV. ODPRTO PRVENSTVO KOMENDE 2021"]
[Site "Komenda"]
[Date "2021.09.05"]
[Round "4.3"]
[White "Smirnov, Maksim"]
[Black "Macek, Inti"]
[Result "1/2-1/2"]
[WhiteElo "1257"]
[BlackElo "1159"]
[PlyCount "140"]
[EventDate "2021.09.05"]

1. d4 d5 2. Bf4 c5 3. e3 Nc6 4. Nf3 Nf6 5. c3 Bf5 6. Nbd2 e6 7. Be2 cxd4 8.
exd4 Be7 9. Nh4 Be4 10. Nxe4 Nxe4 11. Nf3 O-O 12. O-O Bd6 13. Bxd6 Qxd6 14. Bd3
f5 15. Re1 Rf6 16. Ne5 Rh6 17. g3 Nxe5 18. dxe5 Qb6 19. Bxe4 fxe4 20. Qe2 Rf8
21. Rf1 Rf5 22. g4 Rxe5 23. Kh1 Rg5 24. f4 exf3 25. Qxf3 Rf6 26. Qg3 Qd8 27. h4
Rgg6 28. g5 Rxf1+ 29. Rxf1 h6 30. Qf4 Qe8 31. gxh6 Rxh6 32. Rg1 Qh5 33. Rg4 Rg6
34. Rxg6 Qxg6 35. Qb8+ Kh7 36. Qxb7 Qe4+ 37. Kg1 Qxh4 38. Qxa7 Qg4+ 39. Kf1
Qf5+ 40. Kg2 Qe4+ 41. Kg1 Qb1+ 42. Kg2 Qxb2+ 43. Qf2 Qxc3 44. Qh4+ Kg8 45. Qd8+
Kf7 46. Qd7+ Kf6 47. Qd8+ Kf5 48. Qe8 Qd2+ 49. Kh1 Qc1+ 50. Kh2 Qb2+ 51. Kh1
Qb1+ 52. Kh2 Qxa2+ 53. Kh1 Qa1+ 54. Kh2 Qe5+ 55. Kh1 Qf6 56. Qh5+ Qg5 57. Qf3+
Kg6 58. Qd3+ Kh6 59. Qa6 Qf5 60. Qc8 d4 61. Qh8+ Kg6 62. Qe8+ Qf7 63. Qb5 Qf3+
64. Kh2 d3 65. Qe8+ Kg5 66. Qe7+ Qf6 67. Qd7 Qf2+ 68. Kh1 d2 69. Qxg7+ Kh4 70.
Qg4+ Kxg4 1/2-1/2

[Event "XXXV. ODPRTO PRVENSTVO KOMENDE 2021"]
[Site "Komenda"]
[Date "2021.09.05"]
[Round "4.4"]
[White "Avgustin, Jernej"]
[Black "Kovacic, Jakob"]
[Result "0-1"]
[WhiteElo "1247"]
[BlackElo "1000"]
[PlyCount "140"]
[EventDate "2021.09.05"]

1. e4 e5 2. Nf3 Nc6 3. Bb5 d6 4. Nc3 Bd7 5. Bc4 Na5 6. Be2 Nf6 7. O-O Be7 8. d3
O-O 9. Bd2 Bg4 10. Nd5 Nc6 11. Nxe7+ Qxe7 12. Ng5 Qd7 13. h3 Bxe2 14. Qxe2 Nd4
15. Qd1 Ne6 16. c3 h6 17. Nxe6 Qxe6 18. Re1 Rfe8 19. f3 d5 20. exd5 Nxd5 21. c4
Qb6+ 22. Kh1 Nf6 23. b3 Rad8 24. Bc3 Qd6 25. Re3 Rd7 26. Qe2 Rde7 27. a3 b6 28.
b4 Nh5 29. Kg1 Ng3 30. Qe1 Nf5 31. c5 Qd5 32. Re2 Qxd3 33. Bxe5 f6 34. Rd2 Rxe5
35. Qxe5 Rxe5 36. Rxd3 bxc5 37. bxc5 Rxc5 38. Rad1 Nd6 39. Rd5 Rc3 40. a4 Kf7
41. Rc5 Rxc5 42. Rd4 Ke6 43. Kf2 Rd5 44. Rg4 Nf5 45. Rc4 Rd2+ 46. Kg1 Kd5 47.
Rf4 Ne3 48. g4 c5 49. Kh1 c4 50. Re4 c3 51. Rxe3 c2 52. Rc3 Rd1+ 53. Kg2 c1=Q
54. Rxc1 Rxc1 55. Kg3 Ke5 56. f4+ Ke4 57. g5 Rc3+ 58. Kg4 f5+ 59. Kh5 Rxh3+ 60.
Kg6 Kxf4 61. gxh6 gxh6 62. Kf6 h5 63. a5 Re3 64. a6 h4 65. Kg6 h3 66. Kg7 h2
67. Kf6 h1=Q 68. Kg7 Re7+ 69. Kf6 Qh4+ 70. Kg6 Qg5# 0-1

[Event "XXXV. ODPRTO PRVENSTVO KOMENDE 2021"]
[Site "Komenda"]
[Date "2021.09.05"]
[Round "4.5"]
[White "Strnad, Kaja"]
[Black "Sever, Gasper"]
[Result "0-1"]
[WhiteElo "1463"]
[BlackElo "1196"]
[PlyCount "54"]
[EventDate "2021.09.05"]

1. e4 e5 2. Nf3 Nc6 3. Bc4 Nf6 4. Nc3 Nxe4 5. Nxe4 d5 6. Bd3 dxe4 7. Bxe4 Bd6
8. d4 O-O 9. O-O Bg4 10. Qd3 Bxf3 11. Qxf3 Nxd4 12. Qh3 h6 13. Qg3 Ne2+ 14. Kh1
Nxg3+ 15. fxg3 c6 16. Be3 Qe7 17. Rae1 Bc5 18. Bd2 Rad8 19. Bc3 Bd4 20. Bd2
Bxb2 21. Bf4 Qa3 22. Be3 Qxa2 23. Bc5 Rfe8 24. Rf2 Bd4 25. Bxd4 Rxd4 26. Ree2
Rd1+ 27. Rf1 Rxf1# 0-1

[Event "XXXV. ODPRTO PRVENSTVO KOMENDE 2021"]
[Site "Komenda"]
[Date "2021.09.05"]
[Round "5.1"]
[White "Kovacic, Jakob"]
[Black "Perme, Martin"]
[Result "0-1"]
[WhiteElo "1000"]
[BlackElo "1455"]
[PlyCount "96"]
[EventDate "2021.09.05"]

1. e4 c5 2. Nf3 d6 3. d4 cxd4 4. Nxd4 Nf6 5. Nc3 g6 6. Bg5 Bg7 7. Bd3 O-O 8.
O-O Nc6 9. Nxc6 bxc6 10. Bxf6 Bxf6 11. Re1 Rb8 12. Rb1 Qa5 13. Qd2 Bg4 14. f3
Bd7 15. Re2 Qc5+ 16. Kf1 Bxc3 17. Qe3 Qxe3 18. Rxe3 Rxb2 19. Rxb2 Bxb2 20. f4
Bd4 21. Re2 Rb8 22. Bc4 Rb1+ 23. Re1 Rxe1+ 24. Kxe1 Be6 25. Bb3 Bxb3 26. axb3
e6 27. c4 Bg1 28. h3 Bh2 29. f5 gxf5 30. exf5 exf5 31. g4 fxg4 32. hxg4 Kg7 33.
Kf2 Be5 34. Ke3 Bc3 35. Ke4 Kg6 36. Kf4 Bd2+ 37. Kg3 Kg5 38. Kh3 Be1 39. c5
dxc5 40. b4 cxb4 41. Kg2 b3 42. Kh3 b2 43. Kh2 b1=Q 44. Kg1 Bh4+ 45. Kh2 Qc2+
46. Kh1 Bg3 47. Kg1 Qf2+ 48. Kh1 Qh2# 0-1

[Event "XXXV. ODPRTO PRVENSTVO KOMENDE 2021"]
[Site "Komenda"]
[Date "2021.09.05"]
[Round "5.2"]
[White "Beber, Anja"]
[Black "Sever, Gasper"]
[Result "1-0"]
[WhiteElo "1237"]
[BlackElo "1196"]
[PlyCount "25"]
[EventDate "2021.09.05"]

1. e4 e5 2. Nf3 Nc6 3. d4 exd4 4. Nxd4 Bc5 5. Be3 Qf6 6. c3 Nge7 7. Be2 Qg6 8.
O-O Qxe4 9. Bf3 Qe5 10. Re1 O-O 11. b4 Bd6 12. g3 Nf5 13. Bg5 1-0

[Event "XXXV. ODPRTO PRVENSTVO KOMENDE 2021"]
[Site "Komenda"]
[Date "2021.09.05"]
[Round "5.3"]
[White "Keber, Aljosa"]
[Black "Smirnov, Maksim"]
[Result "1/2-1/2"]
[WhiteElo "1149"]
[BlackElo "1257"]
[PlyCount "71"]
[EventDate "2021.09.05"]

1. e4 c6 2. d4 d5 3. e5 Bf5 4. h4 h5 5. Bd3 Bxd3 6. Qxd3 e6 7. Bg5 Be7 8. Nf3
Nh6 9. Bxe7 Qxe7 10. Nbd2 Nd7 11. c4 dxc4 12. Nxc4 Qb4+ 13. Qc3 Qxc3+ 14. bxc3
Nf5 15. Nfd2 b5 16. Ne3 g6 17. Ne4 Ke7 18. Nxf5+ gxf5 19. Nd2 Nb6 20. Rc1 Rab8
21. g3 Rhg8 22. Ke2 Kd7 23. Nb3 Nc4 24. Nc5+ Ke7 25. Rb1 Rgd8 26. Rhd1 Rb6 27.
a4 bxa4 28. Nxa4 Ra6 29. Rb4 Nb6 30. Nxb6 axb6 31. Rdb1 b5 32. Kd3 Ra2 33. R1b2
Ra3 34. R2b3 Ra1 35. Rb1 Rda8 36. Kc2 1/2-1/2

[Event "XXXV. ODPRTO PRVENSTVO KOMENDE 2021"]
[Site "Komenda"]
[Date "2021.09.05"]
[Round "5.4"]
[White "Avgustin, Jernej"]
[Black "Avgustin, Simona"]
[Result "0-1"]
[WhiteElo "1247"]
[BlackElo "1032"]
[PlyCount "92"]
[EventDate "2021.09.05"]

1. e4 e5 2. Nf3 Nc6 3. Nc3 Nf6 4. d3 h6 5. Be2 Bc5 6. Bd2 O-O 7. O-O d5 8. exd5
Nxd5 9. Nxd5 Qxd5 10. Be3 Nd4 11. c4 Qd6 12. b3 Qe6 13. Qd2 Rd8 14. b4 Be7 15.
Qb2 Nxe2+ 16. Qxe2 Qf6 17. b5 c6 18. b6 axb6 19. Bxb6 Rd6 20. Nd2 Qg5 21. Ne4
Qg6 22. Nxd6 Bxd6 23. Qe4 Bf5 24. Qe3 Bxd3 25. Rfd1 Be4 26. f3 Bf5 27. g4 Ra6
28. Bc5 Bxc5 29. Qxc5 h5 30. Rd8+ Kh7 31. Qf8 Qg5 32. Qxf7 Qxd8 33. Qxf5+ Kg8
34. Qxe5 Qb6+ 35. Kg2 c5 36. Kg3 h4+ 37. Kxh4 Qd8+ 38. Kg3 Rd6 39. Qxc5 Qb8 40.
a4 Rc6+ 41. Kg2 Rxc5 42. h4 Qe5 43. Rb1 Qe2+ 44. Kg3 Rxc4 45. a5 Rc2 46. Rg1
Qh2# 0-1

[Event "XXXV. ODPRTO PRVENSTVO KOMENDE 2021"]
[Site "Komenda"]
[Date "2021.09.05"]
[Round "5.5"]
[White "Macek, Inti"]
[Black "Strnad, Kaja"]
[Result "1-0"]
[WhiteElo "1159"]
[BlackElo "1463"]
[PlyCount "141"]
[EventDate "2021.09.05"]

1. d4 d5 2. Nf3 Nf6 3. c4 c6 4. Nc3 e6 5. Bg5 h6 6. Bxf6 Qxf6 7. e3 Bd6 8. Bd3
O-O 9. O-O dxc4 10. Bxc4 Re8 11. e4 e5 12. dxe5 Bxe5 13. Nxe5 Qxe5 14. Qe2 Qg5
15. f4 Qg6 16. f5 Qg5 17. Qf3 Nd7 18. Qf4 Qxf4 19. Rxf4 Ne5 20. Bb3 Rd8 21. Rd1
Rxd1+ 22. Bxd1 Nc4 23. b3 Nb6 24. f6 gxf6 25. Rxf6 Kg7 26. Rf2 Be6 27. h3 Rd8
28. Bg4 Bxg4 29. hxg4 Rd3 30. Rf3 Rxf3 31. gxf3 Kf6 32. f4 Kg6 33. Kg2 Nd7 34.
Kg3 Nf6 35. Kf3 h5 36. gxh5+ Nxh5 37. a4 f5 38. e5 a6 39. Ne2 b5 40. axb5 cxb5
41. b4 Ng7 42. Nd4 Ne8 43. Nc6 Nc7 44. Nb8 Kg7 45. Kg3 Kf7 46. Kh4 Kg6 47. Kg3
Kh6 48. Kf3 Kg6 49. Kg3 Kh6 50. Nc6 Kg6 51. Kh4 Kh6 52. Ne7 Kg7 53. Kg5 Kf7 54.
Nc6 Ke6 55. Nd4+ Kf7 56. Kxf5 Nd5 57. Nc2 Ne7+ 58. Ke4 Ke8 59. f5 Nc6 60. f6
Kf7 61. Kf5 a5 62. e6+ Kf8 63. bxa5 Nxa5 64. Nb4 Nb7 65. f7 Nd6+ 66. Ke5 Nxf7+
67. Kf6 Nd6 68. e7+ Ke8 69. Nd5 b4 70. Ke6 Nb5 71. Nf6# 1-0